000 01178nam a2200325 i 4500
001 169544
003 ES-MaACL
005 20250827062636.0
008 081009s2008 sp |||| | spa d
017 _aNA 2.624-2008
020 _a978-84-309-4747-8
080 _a351.713(460)"19/20"(094.5)
110 1 _aEspaña
_93622
240 1 0 _aLeyes, etc., tributarias
245 1 0 _aLegislación básica del sistema tributario español /
_cedición preparada por Juan Calero, Francisco Escribano y Rafael Navas.
250 _a22ª ed.
260 _aMadrid :
_bTecnos,
_c2008.
300 _a1885 p. ;
_c21 cm.
490 1 _aBiblioteca de textos legales ;
_v324
500 _aÍndices.
500 _aEn cub.: "Edición actualizada, septiembre de 2008"
650 0 4 _aDerecho fiscal-
_zEspaña
_911709
700 0 _aCalero Gallego, Juan.
_933658
700 1 _aEscribano López, Francisco.
_9138677
700 1 _aNavas Vázquez, Rafael.
_9138678
830 0 _aBiblioteca de textos legales ;
_v324
_9177271
852 4 _aES-MaACL
_jA-15292
_9 176197
_bR.143975
_cDEPO1
_dOlim: L 351.713(460)"2008" ESP
_dOlim: Meseton
942 _2udc
999 _c169544
_d169544